000 01028nam a2200217Ia 4500
001 15057
003 GE_BSU
008 181216s||||||||xx |||||||||||||| ||und||
020 _a99940-23-57-8
040 _cGE_BSU
080 _a32(100) + 338(100) + 172 + 2-1
100 _aკიუნგი,ჰანს
245 _aმსოფლიო ზნეობა მსოფლიო პოლიტიკისა და მსოფლიო ეკონომიკისათვის = Weltethos fur Weltpolitik und Weltwirstschaft
245 _cგერმ. თარგმნა ზურაბ აბაშიძემ ; რედ. ანა ჭაბაშვილი
260 _aთბილისი
260 _bენა და კულტურა
260 _c2005
300 _a383 გვ;20 სმ
653 _aმსოფლიო პოლიტიკა; მსოფლიო ეკონომიკა; ზნეობა; რელიგიის ფილოსოფია
942 _cBK
999 _c48175
_d48175